<The> influence of intangible forms of capital on farms

Na základe analýzy dvoch poľnohospodárskych podnikov pri využití metódy prirodzeného experimentu je demonštrovaná úloha poznania a kultúrneho kapitálu (oproti preceňovanej úlohe znalostí a ľudského kapitálu). Priblíženie sociálnej determinácie poznania a vedomostí prostredníctvom sociálnych sietí a...

Descripción completa

Guardado en:
Detalles Bibliográficos
Autor principal: Lošťák, Michal
Formato: Capítulo de libro
Lenguaje:inglés
Materias:
Etiquetas: Agregar Etiqueta
Sin Etiquetas, Sea el primero en etiquetar este registro!

MARC

LEADER 00000naa$a2200000$$$4500
001 0045614
005 20231114071534.5
041 0 |a eng 
044 |a CZ 
245 1 0 |a <The> influence of intangible forms of capital on farms  |c Michal Lošťák 
520 |a Na základe analýzy dvoch poľnohospodárskych podnikov pri využití metódy prirodzeného experimentu je demonštrovaná úloha poznania a kultúrneho kapitálu (oproti preceňovanej úlohe znalostí a ľudského kapitálu). Priblíženie sociálnej determinácie poznania a vedomostí prostredníctvom sociálnych sietí a sociálneho kaptálu a naznačenie možností ich využitia pre efektívne fungovanie poľnohospodárskeho podniku. 
610 2 0 |a podnik poľnohospodársky 
610 2 0 |a kapitál sociálny 
610 2 0 |a kapitál ľudský 
610 2 0 |a kapitál intelektuálny 
610 2 0 |a vedomosti 
100 1 |a Lošťák, Michal